LEADER 02107nam2 22003973i 450 001 NAP0087595 005 20231121125558.0 020 $aIT$b1935 9873 100 $a19980324d1935 ||||0itac50 ba 101 | $aita 102 $ait 181 1$6z01$ai $bxxxe 182 1$6z01$an 200 1 $aTreviso$fa cura di Luigi Coletti 210 $aRoma$cLa Libreria dello Stato$d1935 215 $a497 p.$cill.$d30 cm 300 $aIn testa al frontespizio: Ministero dell'educazione nazionale, Direzione generale delle antichità e belle arti. 461 1$1001NAP0087604$12001 $aCatalogo delle cose d'arte e di antichità d'Italia$fMinistero della educazione nazionale, Direzione generale delle antichità e belle arti$v[7] 606 $aOpere d'arte$xTreviso$xCataloghi$2FIR$3RMLC422104$9I 606 $aPatrimonio artistico$xTreviso$xCataloghi$2FIR$3RMLC281792$9I 676 $a016.709453$9$v21 702 1$aColetti$b, Luigi$f <1886-1961>$3RAVV009688 710 02$aItalia$b : Direzione generale delle antichità e belle arti$3RAVV026483$4070$0423419 791 02$aItalia$b : Ministero pubblica istruzione$b : Direzione generale delle antichità e belle arti$3RAVV026484$zItalia : Direzione generale delle antichità e belle arti 791 02$aItalia$b : Ministero della pubblica istruzione$b : Direzione generale delle antichità e belle arti$3UFIV000713$zItalia : Direzione generale delle antichità e belle arti 801 3$aIT$bIT-01$c19980324 850 $aIT-RM028 $aIT-RM0418 $aIT-RM0211 $aIT-FR0017 899 $aBiblioteca Universitaria Alessandrina$bRM028 899 $aBIBLIOTECA ACCADEMIA NAZ. DEI LINCEI E CORSINIANA$bRM0418 899 $aFondazione Marco Besso$bRM0211 899 $aBiblioteca umanistica Giorgio Aprea$bFR0017 $eN 912 $aNAP0087595 950 2$aBiblioteca umanistica Giorgio Aprea$d 52DSR A 19$e 52FLS0000337045 VMB RS $fC $h20141020$i20141020 977 $a 01$a 10$a 14$a 52 996 $aTreviso$93611793 997 $aUNICAS